Swarm intelligence for multi-objective problems in data mining / (Record no. 22307)
[ view plain ]
| 000 -LEADER | |
|---|---|
| fixed length control field | 01102cam a22002895a 4500 |
| 001 - CONTROL NUMBER | |
| control field | 15855943 |
| 005 - DATE AND TIME OF LATEST TRANSACTION | |
| control field | 20160906125739.0 |
| 008 - FIXED-LENGTH DATA ELEMENTS--GENERAL INFORMATION | |
| fixed length control field | 090806t2009 gw a frb 001 0 eng d |
| 020 ## - INTERNATIONAL STANDARD BOOK NUMBER | |
| International Standard Book Number | 9783642036248 |
| 020 ## - INTERNATIONAL STANDARD BOOK NUMBER | |
| International Standard Book Number | 3642036244 |
| 040 ## - CATALOGING SOURCE | |
| Original cataloging agency | BTCTA |
| Transcribing agency | BTCTA |
| Modifying agency | YDXCP |
| -- | VA@ |
| -- | GBVCP |
| -- | Z5A |
| -- | OHX |
| -- | DLC |
| -- | EG-ScBUE |
| Language of cataloging | eng |
| 082 04 - DEWEY DECIMAL CLASSIFICATION NUMBER | |
| Classification number | 006.3 |
| Edition number | 22 |
| Item number | SWA |
| 245 00 - TITLE STATEMENT | |
| Title | Swarm intelligence for multi-objective problems in data mining / |
| Statement of responsibility, etc | [editors] Carlos Artemio Coello Coello, Satchidananda Dehuri, and Susmita Ghosh. |
| 260 ## - PUBLICATION, DISTRIBUTION, ETC. (IMPRINT) | |
| Place of publication, distribution, etc | Berlin ; |
| -- | Heidelberg : |
| Name of publisher, distributor, etc | Springer Verlag, |
| Date of publication, distribution, etc | c.2009. |
| 300 ## - PHYSICAL DESCRIPTION | |
| Extent | xiv, 287 p. : |
| Other physical details | ill. ; |
| Dimensions | 24 cm. |
| 490 0# - Series Statement | |
| Series statement | Studies in computational intelligence ; |
| Volume/sequential designation | v. 242. |
| 500 ## - GENERAL NOTE | |
| General note | Index : p. [283]-287. |
| 504 ## - BIBLIOGRAPHY, ETC. NOTE | |
| Bibliography, etc | Includes bibliographical references. |
| 650 #7 - SUBJECT ADDED ENTRY--TOPICAL TERM | |
| Topical term or geographic name as entry element | Data mining. |
| Source of heading or term | BUEsh |
| 9 (RLIN) | 27695 |
| 650 #7 - SUBJECT ADDED ENTRY--TOPICAL TERM | |
| Topical term or geographic name as entry element | Swarm intelligence. |
| Source of heading or term | BUEsh |
| 9 (RLIN) | 5401 |
| 650 #7 - SUBJECT ADDED ENTRY--TOPICAL TERM | |
| Topical term or geographic name as entry element | Computational intelligence. |
| Source of heading or term | BUEsh |
| 9 (RLIN) | 5780 |
| 653 ## - INDEX TERM--UNCONTROLLED | |
| Resource For college | Informatics and Computer Science |
| Arrived date list | September2016 |
| 700 1# - ADDED ENTRY--PERSONAL NAME | |
| Personal name | Coello Coello, Carlos A., |
| Relator term | editor. |
| 700 1# - ADDED ENTRY--PERSONAL NAME | |
| Personal name | Dehuri, Satchidananda, |
| Relator term | editor. |
| 700 1# - ADDED ENTRY--PERSONAL NAME | |
| Personal name | Ghosh, Susmita, |
| Relator term | editor. |
| 942 ## - ADDED ENTRY ELEMENTS (KOHA) | |
| Source of classification or shelving scheme | Dewey Decimal Classification |
| Withdrawn status | Item status | Source of classification or shelving scheme | Damaged status | Not for loan | Vendor | Home library | Current library | Shelving location | Date acquired | Source of acquisition | Cost, normal purchase price | Serial Enumeration / chronology | Total Checkouts | Full call number | Barcode | Date last seen | Cost, replacement price | Koha item type |
|---|---|---|---|---|---|---|---|---|---|---|---|---|---|---|---|---|---|---|
| Dewey Decimal Classification | Baccah | Central Library | Central Library | Lower Floor | 06/09/2016 | Purchase | 960.00 | 2000088 | 006.3 SWA | 000033541 | 15/07/2025 | 1200.00 | Book - Borrowing |